|
|
|
|
| LEADER |
00000nam0a2200000 4500 |
| 001 |
247717 |
| 005 |
20231101232325.0 |
| 010 |
|
|
|a 9785915591706
|
| 035 |
|
|
|a (RuTPU)RU\TPU\book\269303
|
| 090 |
|
|
|a 247717
|
| 100 |
|
|
|a 20140114d2014 m y0rusy50 ca
|
| 101 |
0 |
|
|a rus
|
| 102 |
|
|
|a RU
|
| 105 |
|
|
|a a j 001zy
|
| 200 |
1 |
|
|a Физика линейных и нелинейных волновых процессов в избранных задачах. Электромагнитные и акустические волны
|e учебное пособие
|f А. Н. Паршаков
|
| 210 |
|
|
|a Долгопрудный
|c Интеллект
|d 2014
|
| 215 |
|
|
|a 144 с.
|c ил.
|
| 320 |
|
|
|a Библиогр.: с. 142.
|
| 330 |
|
|
|a Учебное пособие является введением в физику линейных и нелинейных волновых процессов на примере распространения электромагнитных и акустических волн. Описаны механизмы дисперсии волн. Рассмотрены особенности распространения нелинейных волн, практически не отраженные на современном уровне во вводной учебной литературе.Выбранные задачи носят принципиальный характер и создают основу для дальнейшего изучения предмета. Необходимое дополнение к базовому курсу теории волн для студентов технических и физических специальностей.
|
| 606 |
1 |
|
|a Электромагнитные волны
|x Дифракция
|x (электрофизика)
|2 stltpush
|3 (RuTPU)RU\TPU\subj\20171
|9 45292
|
| 606 |
1 |
|
|a Волны
|x Дифракция
|x (акустика)
|2 stltpush
|3 (RuTPU)RU\TPU\subj\38273
|9 58923
|
| 610 |
1 |
|
|a физика
|
| 610 |
1 |
|
|a волновые процессы
|
| 610 |
1 |
|
|a акустические волны
|
| 610 |
1 |
|
|a колебательные процессы
|
| 610 |
1 |
|
|a распределительные системы
|
| 610 |
1 |
|
|a дисперсия
|
| 610 |
1 |
|
|a распространение
|
| 610 |
1 |
|
|a электромагнитные сигналы
|
| 610 |
1 |
|
|a нелинейные волны
|
| 610 |
1 |
|
|a гравитационные волны
|
| 610 |
1 |
|
|a диссипация
|
| 610 |
1 |
|
|a учебные пособия
|
| 675 |
|
|
|a 534.2(075.8)
|v 3
|
| 675 |
|
|
|a 537.87(075.8)
|v 3
|
| 700 |
|
1 |
|a Паршаков
|b А. Н.
|g Александр Николаевич
|
| 801 |
|
1 |
|a RU
|b 63413507
|c 20140114
|
| 801 |
|
2 |
|a RU
|b 63413507
|c 20150514
|g RCR
|
| 942 |
|
|
|c BK
|
| 959 |
|
|
|a 1/20140114
|d 5
|e 550,00
|f ЧЗТЛ:1
|f АНЛ:1
|f УФ:3
|
| 959 |
|
|
|a 81/20140515
|d 5
|e 550,00
|f ЧЗТЛ:1
|f АНЛ:1
|f УФ:3
|